Ser mujer en la guerra : cuerpos, subjetividades y tránsitos /

Bibliographic Details
Main Author: Villa Guerrero, Katherine (Author)
Format: Electronic eBook
Language:Spanish
Published: Bogotá D.C., Colombia : Corporación Universitaria Minuto de Dios - UNIMINUTO, 2022.
Edition:Primera edición digital.
Subjects:
Online Access:Digitalia Hispánica

MARC

LEADER 00000nam a2200000 i 4500
001 DIGCUMD0277
003 NyNyDIG
006 m o d
007 cr |||||||||||
008 240401s2022 ck a ob 000 0 spa d
035 |a (OCoLC)1420740906 
040 |a DGITA  |b eng  |e rda  |e pn  |c DGITA 
020 |a 9789587635379  |q eBook 
020 |z 9789587635362 
041 0 |a spa  |b spa  |b eng 
043 |a s-ck---  
050 1 4 |a HV6250.4.W65 ebook 
100 1 |a Villa Guerrero, Katherine,  |e author. 
245 1 0 |a Ser mujer en la guerra :  |b cuerpos, subjetividades y tránsitos /  |c autores, Katherine Villa-Guerrero [and 4 others]. 
250 |a Primera edición digital. 
264 1 |a Bogotá D.C., Colombia :  |b Corporación Universitaria Minuto de Dios - UNIMINUTO,  |c 2022. 
300 |a 1 online resource :  |b illustrations. 
336 |a text  |b txt  |2 rdacontent 
337 |a computer  |b c  |2 rdamedia 
338 |a online resource  |b cr  |2 rdacarrier 
347 |a text file  |2 rdaft 
347 |b PDF 
504 |a Includes bibliographical references. 
546 |a Text in Spanish with abstract in Spanish and English.  
588 0 |a Online resource; title from PDF title page (Digitalia, viewed April 1, 2024) 
650 0 |a Women  |x Crimes against  |z Colombia. 
650 0 |a Reparation (Criminal justice)  |z Colombia. 
650 0 |a Women in war  |z Colombia. 
776 0 8 |i Print version:  |a Villa Guerrero, Katherine.  |t Ser mujer en la guerra.  |b Primera edición digital.  |d Bogotá D.C., Colombia : Corporación Universitaria Minuto de Dios - UNIMINUTO, 2022  |z 9789587635362 
791 2 |a Digitalia (Firm),  |e distributor. 
793 0 |g Digitalia eBook Collection:  |a Corporación Universitaria Minuto de Dios 
856 4 0 |3 Digitalia Hispánica  |u https://www.digitaliapublishing.com/a/131821/ 
910 |a Premium collection: 2024